| 000 | 00338nam a2200133Ia 4500 | ||
|---|---|---|---|
| 005 | 20260328104247.0 | ||
| 008 | 260328s9999||||xx |||||||||||||| ||und|| | ||
| 100 | _aSchulz, Eberhard | ||
| 245 | 0 |
_aEntre Vidrio y Hormigon / _cEberhard Schulz |
|
| 260 | _bUniversitaria de Buenos Aires | ||
| 300 | _a255 p. | ||
| 650 | _aARTE | ||
| 942 | _cBK | ||
| 999 |
_c10122 _d10122 |
||